British Journal of American Legal Studies

Bibliographic Details
Format: eBook
Language:English
Subjects:
Online Access:Acceso restringido

MARC

LEADER 00000nam a22000007a 4500
005 20220519232310.0
007 cr|||| ||||
008 220519c20169999gb n|w s|||| 0|||b1eng d
022 |a 2049-4092 
035 |a 33476 
040 |a vLex 
090 |c 13377  |d 13377 
245 0 0 |a British Journal of American Legal Studies  |h [Recurso electrn̤ico] / 
256 |a Servicio en ln̕ea 
300 |a 1 recurso electrn̤ico 
310 |a Irregular 
500 |a The British Journal of American Legal Studies is a scholarly journal which publishes articles of interest to the Anglo-American legal community. Submissions are invited from academics and practitioners on both sides of the Atlantic on all aspects of constitutional law having relevance to the United States, including human rights, legal and political theory, socio-legal studies and legal history. International, comparative and interdisciplinary perspectives are particularly welcome. All submissions will be peer-refereed through anonymous referee processes. 
506 1 |a Disponible solo en los productos indicados  |d vLex Global  |d vLex Global (Academic Edition, excluding Law Schools)  |d vLex Global (U.S. Academic Edition, Law Schools)  |d vLex Global (U.S. Academic Edition, excluding Law Schools)  |d vLex Global (Academic Edition, Law Schools) 
650 0 4 |a Derecho Pb︢lico y Administrativo  |z Reino Unido 
650 0 4 |a Derecho Constitucional  |z Reino Unido 
740 0 |a vLex Revistas (Servicio en ln̕ea) 
856 4 0 |u https://app.vlex.com/#/sources/33476  |z Acceso restringido 
942 |c REV 
999 0 |a Public and Administrative Law 
999 0 |a Constitutional Law